[Event "SC Böblingen - SK Schmiden/Cannstatt"]
[Site "?"]
[Date "2022.10.09"]
[Round "2.6"]
[White "Schulte, Torsten"]
[Black "Eisele, Steffen"]
[Result "1/2-1/2"]
[WhiteElo "2049"]
[BlackElo "2226"]
[PlyCount "102"]
[EventDate "2022.??.??"]

1. d4 g6 2. c4 Bg7 3. e4 d6 4. Nc3 Nc6 5. d5 Nd4 6. Be3 c5 7. Qd2 e5 8. dxe6
fxe6 9. Bd3 Nf6 10. Nge2 Ng4 11. Bg5 Bf6 12. Bxf6 Qxf6 13. Nxd4 cxd4 14. Nb5
O-O 15. O-O a6 16. Na3 Qh4 17. h3 Nf6 18. Rae1 Nh5 19. e5 Nf4 20. Kh2 dxe5 21.
Rxe5 Bd7 22. Be4 Qf6 23. Rc5 e5 24. Bxb7 Rae8 25. Ra5 Qh4 26. Re1 Nxh3 27. f3
Nf4+ 28. Kg1 Qg3 29. Nc2 Bh3 30. Qf2 Qxf2+ 31. Kxf2 Nd3+ 32. Ke2 Nxe1 33. Nxe1
Be6 34. b3 Rb8 35. Be4 Rfe8 36. Rxa6 Bf5 37. Bd5+ Kg7 38. Ra7+ Kh6 39. g4 Bb1
40. Kd2 g5 41. Nd3 Kg6 42. Bf7+ Kf6 43. Bxe8 Rxe8 44. Rxh7 e4 45. fxe4 Rxe4 46.
Rh6+ Kg7 47. Rh1 Bxa2 48. Nc5 Rxg4 49. Kd3 Rg3+ 50. Kxd4 Bxb3 51. Nxb3 Rxb3
1/2-1/2